| 000 | 00390nam a22001217a 4500 | ||
|---|---|---|---|
| 082 | _a200 THE | ||
| 100 |
_aAnjum Naeem Malik _915745 |
||
| 245 | _aTH-SOF-1373-EEG signal classification for predicting the movement intent of lower limb | ||
| 260 |
_aIslamabad _bNUST College of EME _c2017 |
||
| 650 | _aMS-MTS-78 MSTHESIS | ||
| 700 |
_aSupervisor: Brig. Dr. Javaid Iqbal _969988 |
||
| 942 | _cCF | ||
| 999 |
_c577051 _d577051 |
||